[Event "CZE-tht Extraliga 2018-19"]
[Site "Czech Republic"]
[Date "2018.11.03"]
[Round "1"]
[White "Kawulok, Marek"]
[Black "Slampa, Jan"]
[Result "0-1"]
[WhiteElo "2215"]
[BlackElo "2231"]
[Annotator "NA"]
[PlyCount "82"]
[EventDate "2018.11.03"]
[EventType "team-tourn"]
[EventCountry "CZE"]
[SourceTitle "playchess.com"]
[Source "ChessBase"]
[SourceQuality "1"]
[WhiteTeam "Slavoj Cesky Tesín"]
[BlackTeam "Siesta Solution Unichess B"]
[TimeControl "40/5400+30:1800+30"]

1. e4 {[%emt 0:00:00]} c5 {[%emt 0:00:09]} 2. Nf3 {[%emt 0:00:00]} e6 {[%emt 0:00:04]} 3. d4 {[%emt 0:00:00]} cxd4 {[%emt 0:00:05]} 4. Nxd4 {[%emt 0:00:00]} Nc6 {[%emt 0:00:11]} 5. Nc3 {[%emt 0:00:00]} a6 {[%emt 0:00:09]} 6. Be2 {[%emt 0:01:20]} d6 {[%emt 0:00:42]} 7. O-O {[%emt 0:00:35]} Nf6 {[%emt 0:00:17]} 8. Be3 {[%emt 0:00:33]} Be7 {[%emt 0:00:19]} 9. f4 {[%emt 0:01:02]} O-O {[%emt 0:00:24]} 10. Kh1 {[%emt 0:01:16]} Bd7 {[%emt 0:06:10]} 11. Qe1 {[%emt 0:02:45]} Rc8 {[%emt 0:01:44]} 12. Qg3 {[%emt 0:06:42]} b5 {[%emt 0:10:23]} 13. a3 {[%emt 0:14:21]} Na5 {[%emt 0:04:57] B85: Sizilianisch (Scheveninger System)} 14. e5 {[%emt 0:16:40]} Ne8 {[%emt 0:04:51]} 15. f5 $146 {[%emt 0:03:31]} ({Vorgänger:} 15. Ne4 Nc4 16. Bxc4 Rxc4 17. c3 Qa8 18. Ng5 g6 19. Qh4 h5 20. Rae1 Ng7 21. Qg3 {0-1 (50) Deszczynski,A (2345)-Jakubowski,K (2515) Zgierz 2018}) 15... dxe5 {[%emt 0:07:31]} 16. fxe6 {[%emt 0:01:35]} exd4 {[%emt 0:03:53]} 17. exd7 {[%emt 0:00:10]} Qxd7 {[%emt 0:00:20]} 18. Rad1 {[%emt 0:04:14]} Bd6 {[%emt 0:00:17]} 19. Rxd4 {[%emt 0:01:21]} Nc6 {[%emt 0:12:52]} 20. Rd2 {[%emt 0:02:36]} Qe6 {[%emt 0:05:16]} 21. Bf4 {[%emt 0:03:41]} Bxf4 {[%emt 0:10:13]} 22. Qxf4 {[%emt 0:00:06]} Ne5 {[%emt 0:00:55]} 23. Rd5 {[%emt 0:05:43]} f6 {[%emt 0:01:04]} 24. Rfd1 {[%emt 0:01:41]} Nc7 {[%emt 0:08:03]} 25. Rd6 {[%emt 0:01:15]} Qe7 {[%emt 0:00:40]} 26. Qd4 {[%emt 0:03:01]} Qf7 {[%emt 0:05:06]} 27. Bd3 {[%emt 0:07:46]} Ne6 {[%emt 0:05:10]} 28. Qd5 {[%emt 0:01:00]} Nc5 {[%emt 0:03:35]} 29. Bf5 {[%emt 0:02:18]} Qxd5 {[%emt 0:02:11]} 30. Nxd5 {[%emt 0:01:03]} ({But not} 30. R1xd5 Rc7 $11) 30... Ra8 {[%emt 0:01:48]} 31. b4 {[%emt 0:05:00]} Na4 {[%emt 0:01:33]} 32. Nc7 {[%emt 0:00:18]} Nb2 {[%emt 0:00:58]} (32... Nc3 $16) 33. Nxa8 {[%emt 0:04:12]} Nxd1 {[%emt 0:00:08]} 34. Nc7 {[%emt 0:00:04]} Ne3 {[%emt 0:00:55]} 35. Be6+ {[%emt 0:00:04]} Kh8 {[%emt 0:00:06]} 36. Rxa6 {[%emt 0:00:24]} Rd8 {[%emt 0:01:39] [#]} 37. h3 {[%emt 0:00:36]} (37. Bd5 $1 $16 {[%mdl 512]}) 37... h5 {[%emt 0:00:46]} 38. Nxb5 $11 {[%emt 0:05:03]} Rd1+ {[%emt 0:01:22]} 39. Kh2 {[%emt 0:00:05]} Rd2 {[%emt 0:00:04]} 40. Kg3 {[%emt 0:05:25]} g5 {[%emt 0:00:04]} 41. Bd5 {[%emt 0:07:47]} Nf1# 0-1

[Event "CZE-tht Extraliga 2018-19"]
[Site "Czech Republic"]
[Date "2018.11.03"]
[Round "1"]
[White "Pychova, Nela"]
[Black "Petr, Martin"]
[Result "0-1"]
[WhiteElo "2138"]
[BlackElo "2440"]
[Annotator "TA"]
[PlyCount "124"]
[EventDate "2018.11.03"]
[EventType "team-tourn"]
[EventCountry "CZE"]
[SourceTitle "playchess.com"]
[Source "ChessBase"]
[SourceQuality "1"]
[WhiteTeam "Moravska Slavia Brno"]
[BlackTeam "GASCO Pardubice"]

{[%evp 19,124,-3,12,0,0,0,0,-78,-57,-72,-33,-37,-35,-68,-48,-50,-80,-116,-99,-135,-128,-123,-138,-262,-148,-205,-211,-190,-118,-146,-112,-116,-100,-92,-7,-8,0,-30,46,-10,-23,-60,248,90,135,108,71,89,109,56,46,7,70,50,83,25,79,31,63,5,6,8,51,51,47,44,74,47,139,116,119,115,495,191,176,188,150,183,167,141,158,57,55,60,54,25,50,47,127,0,0,0,0,-122,-146,-79,-144,-993,-1030,-932,-861,-984,-905,-29980,-29976,-29979,-29948]} 1. c4 e5 2. Nc3 f5 3. g3 Nf6 4. Bg2 d6 5. d3 Be7 6. e3 O-O 7. Nge2 c6 8. f4 {A21: English Opening: 1...e5 2 Nc3} Be6 9. b3 Nbd7 10. O-O Qe8 {LiveBook: 3 Games} 11. h3 Qh5 12. Ba3 Rae8 13. b4 $146 (13. Qe1 $11 {remains equal.}) ({Predecessor:} 13. Qd2 Qg6 14. Rad1 Nh5 15. Kh2 Ndf6 16. Bf3 Bc8 {1-0 (55) Nyvlt,Z (2606)-Zarate,J (2476) ICCF email 2005}) 13... a6 14. Bb2 g5 15. a4 Rf7 16. a5 gxf4 17. exf4 Rg7 18. Qe1 Qg6 19. Kh2 h5 $1 20. Rg1 Qh7 21. Bh1 (21. h4 $17 {keeps fighting.}) 21... Bd8 (21... h4 $19 22. gxh4 Ng4+ 23. hxg4 Bxh4) 22. Bc1 (22. Nd1 $17) 22... e4 23. Nd4 {[%cal Rd3e4,Be2d4,Bd4c2,Bc2b4,Bb4d5,Bd5f6][%mdl 32]} Bf7 (23... Ng4+ 24. hxg4 hxg4+ 25. Kg2 $15) (23... h4 $19 24. Bd2 (24. dxe4 Bxc4 25. Nxf5 hxg3+ 26. Nxg3 Ng4+ 27. Kg2 Bh4 $17) (24. gxh4 $2 Ng4+ 25. Rxg4 Rxg4 $19) 24... hxg3+ 25. Rxg3 Rxg3 26. Kxg3 (26. Qxg3+ $2 Ng4+ 27. Kg1 Bh4 $19) 26... Bf7) 24. dxe4 $17 fxe4 25. Qe2 c5 26. Nc2 cxb4 (26... e3 $1 $17 27. Re1 (27. Bxb7 Bg6 $15) 27... Qg6) 27. Nxb4 $11 Nc5 28. Be3 Nb3 (28... Be6 $11) 29. Rab1 (29. Ra3 $14 Nxa5 30. Nbd5) 29... Nxa5 30. Nbd5 Bg6 $2 {[%mdl 8192]} (30... Nxd5 $15 {stays ahead.} 31. Nxd5 b5) 31. Rbd1 $2 (31. Nxf6+ $1 $18 {and the rest is easy.} Bxf6 32. Nd5) 31... Nc6 32. Nxf6+ Bxf6 33. Nd5 Bd8 34. Rgf1 (34. Bc1 $16) 34... Bf5 $14 35. Qb2 {[%mdl 1024] White has compensation.} Re6 (35... Qg6 $11 36. Rg1 Kh7) 36. Rg1 Qg6 37. Qe2 (37. Bd2 $16) 37... Qf7 (37... Ba5 $11) 38. Bc1 $16 Rh7 39. Ne3 (39. Bb2 $14) 39... Bb6 $11 40. Bb2 Ne7 41. Bd4 $1 $36 {[%cal Rd4b6][%mdl 2048] White fights for an advantage.} Bxd4 42. Rxd4 Bg6 43. c5 dxc5 ({Black should try} 43... Nf5 $14 44. Nxf5 (44. Rxe4 Rxe4 45. Bxe4 Nxe3 $14) 44... Qxf5) 44. Rd8+ $16 Kg7 45. Rd7 $1 h4 $2 {[%mdl 8192]} (45... Kg8 $16) 46. Qg4 $2 (46. f5 Bxf5 47. Nxf5+ Qxf5 48. gxh4+ Rg6 49. Rxe7+ Kf8 50. Rxe4) 46... Rh5 $18 47. f5 Rxf5 48. Nxf5+ Qxf5 49. Qxh4 Qf6 {[#]} 50. Qxf6+ (50. Qg4 $1 $16) 50... Kxf6 $14 51. Rxb7 e3 52. Re1 {And now g4 would win.} Bd3 53. Rc7 c4 {[#]} (53... e2 $14) 54. Bf3 (54. g4 $1 $16) 54... Nf5 $1 $11 55. Bd5 Nd4 {Threatens to win with ...e2.} 56. Bxe6 (56. Kg2 $1 $11 {keeps the balance.}) 56... Nf3+ $17 57. Kh1 Nxe1 58. Bxc4 $2 {[%mdl 8192]} (58. Bg4 $17) 58... e2 $19 59. Rc6+ Kg7 {( -> ...Be4+)} 60. Rc7+ Kf8 61. Rc8+ Ke7 62. Rc7+ Kd6 {Precision: White = 29%, Black = 39%.} 0-1

[Event "CZE-tht Extraliga 2018-19"]
[Site "Czech Republic"]
[Date "2018.11.03"]
[Round "1"]
[White "Krajina, Ales"]
[Black "Babula, Vlastimil"]
[Result "0-1"]
[WhiteElo "2116"]
[BlackElo "2522"]
[Annotator "TA"]
[PlyCount "78"]
[EventDate "2018.11.03"]
[EventType "team-tourn"]
[EventCountry "CZE"]
[SourceTitle "playchess.com"]
[Source "ChessBase"]
[SourceQuality "1"]
[WhiteTeam "Labortech Ostrava"]
[BlackTeam "1. Novoborsky SK"]

{[%evp 9,78,-71,-85,-73,-65,-96,-89,-101,-93,-98,-91,-93,-79,-91,-85,-128,-91,-93,-90,-129,-129,-166,-149,-148,-151,-158,-145,-223,-169,-235,-216,-213,-171,-151,-159,-571,-569,-633,-597,-632,-623,-1054,-670,-671,-388,-391,-381,-494,-503,-480,-496,-466,-488,-481,-469,-533,-522,-890,-900,-887,-887,-817,-520,-806,-788,-983,-983,-932,-776,-772,-756]} 1. h4 e5 2. h5 d5 3. c3 h6 4. d4 exd4 (4... e4 5. Bf4 Nf6 6. e3 Bd6 7. Bxd6 Qxd6 8. Be2 c5 9. Nh3 Nc6 {0-1 (48) Dzhumagaliev,Y (2400)-Korotylev,A (2573) Sochi 2017}) 5. cxd4 Bd6 6. Nc3 {A00: Irregular Openings} Nf6 $146 ({Predecessor:} 6... c6 7. g3 Bf5 8. Bf4 Bxf4 9. gxf4 Qb6 {1-0 (56) Dzhumagaliev,Y (2410)-Kozak,A (2262) Sochi 2018}) 7. Nf3 O-O 8. e3 {Black is better.} Re8 9. Bd2 c6 10. Be2 Bf5 11. Rc1 Nbd7 12. a3 a6 13. Nh4 Bh7 14. g4 c5 {Strongly threatening ...cxd4.} 15. Nf5 Bxf5 16. gxf5 cxd4 17. exd4 Ne4 18. Nxd5 (18. Be3 $17) 18... Ndf6 $19 19. Nc3 (19. Nxf6+ $142 Qxf6 20. Be3) 19... Qd7 20. Nxe4 Nxe4 21. Be3 Qxf5 $40 {[%mdl 128] [#] Threatens to win with ...Bf4. Black wants a kill.} 22. Rg1 $2 (22. Bd3 $17) 22... Bf4 23. Bg4 Qf6 24. Qf3 {[#]} Nxf2 $1 {[%mdl 512]} 25. Kxf2 Bxe3+ 26. Kg2 Qxf3+ 27. Bxf3 Red8 28. d5 Bxc1 {Black is clearly winning.} 29. Rxc1 {[%mdl 4096] Endgame KRR-KRB} Rac8 30. Rb1 Rc2+ 31. Kg3 Kf8 32. a4 Rdc8 33. Kf4 Rc1 34. Rxc1 Rxc1 {KR-KB} 35. Ke5 a5 36. Kd6 (36. d6 $142 Rc5+ 37. Kd4) 36... Ke8 37. Be2 Kd8 38. b3 Rc3 39. Bc4 g5 {Precision: White = 36%, Black = 84%.} 0-1

[Event "CZE-tht Extraliga 2018-19"]
[Site "Czech Republic"]
[Date "2018.11.04"]
[Round "2"]
[White "Harikrishna, Pentala"]
[Black "Kempinski, Robert"]
[Result "1/2-1/2"]
[WhiteElo "2733"]
[BlackElo "2577"]
[Annotator "TA"]
[PlyCount "69"]
[EventDate "2018.11.03"]
[EventType "team-tourn"]
[EventCountry "CZE"]
[SourceTitle "playchess.com"]
[Source "ChessBase"]
[SourceQuality "1"]
[WhiteTeam "1. Novoborský ŠK"]
[BlackTeam "ŠK Slavoj Poruba"]

{[%evp 19,69,33,65,41,27,47,33,40,70,27,36,1,12,0,10,0,15,10,25,11,25,39,37,0,0,0,76,13,16,11,21,0,19,16,25,5,12,2,8,-14,0,-3,-10,-6,-10,-12,20,19,8,21,6,0]} 1. e4 c5 2. Nf3 d6 3. d4 cxd4 4. Nxd4 Nf6 5. Nc3 a6 6. h3 e6 7. g4 {[%cal Bg2g4,Bg4g5][%mdl 32]} Nfd7 {B81: Sicilian Scheveningen: Keres Attack} (7... h6 8. Bg2 g5 9. Be3 Nbd7 10. Qe2 Ne5 11. O-O-O Nfd7 12. h4 Rg8 13. hxg5 hxg5 14. Kb1 b5 15. f4 gxf4 16. Bxf4 Bb7 {½-½ (56) Karjakin,S (2773)-Mamedyarov,S (2801) Saint Louis 2018}) 8. Bg2 Be7 9. g5 Nc6 10. h4 Qb6 {LiveBook: 11 Games} 11. Nxc6 $146 ({Predecessor:} 11. Nde2 Nde5 12. Be3 Qa5 13. f4 Nc4 14. Bc1 Qb6 15. Rh3 {½-½ (57) Sasikiran,K (2637)-Lu,S (2620) Abu Dhabi 2016}) 11... bxc6 12. b3 d5 13. Bb2 O-O 14. O-O {[%cal Re4d5]} Bb7 15. Qg4 Qc7 16. Rad1 {[%cal Re4d5]} f5 17. exf5 Rxf5 18. Ne2 {next Nd4 is good for White.} Ne5 19. Qh3 {[#] Strongly threatening Nd4.} Bc5 20. Bd4 {[%cal Bb2d4,Bd4e3,Be3c1][%mdl 32]} Bd6 $1 21. Ng3 Rf7 22. h5 {aiming for g6.} ({But not} 22. Qxe6 $2 Bc8 $19) 22... Re7 {[#]} (22... Bc8 $1 $11 {keeps the balance.}) 23. f4 ({White should play} 23. c4 $1 $16 {[%mdl 512]} Nd7 (23... dxc4 24. Ne4) 24. Rfe1) 23... Nd7 $11 24. Be3 Rf8 {[%cal Rd6f4]} 25. Qg4 c5 26. c4 {[%cal Rc4d5]} Nb6 27. Bc1 Bc8 {The position is equal.} 28. Qh4 a5 29. Ne2 ({Much worse is} 29. cxd5 exd5 30. g6 h6 $17) 29... dxc4 30. Nc3 {Threatens to win with Nb5.} Ba6 $1 {White must now prevent ...cxb3.} 31. bxc4 Bxc4 32. Rf2 Rd7 33. Qg4 Be7 34. Re1 Rd4 35. Bf1 {Precision: White = 65%, Black = 62%.} 1/2-1/2

[Event "CZE-tht Extraliga 2018-19"]
[Site "Czech Republic"]
[Date "2018.11.04"]
[Round "2"]
[White "Vidit, Santosh Gujrathi"]
[Black "Cvek, Robert"]
[Result "1-0"]
[WhiteElo "2711"]
[BlackElo "2518"]
[Annotator "TA"]
[PlyCount "86"]
[EventDate "2018.11.03"]
[EventType "team-tourn"]
[EventCountry "CZE"]
[SourceTitle "playchess.com"]
[Source "ChessBase"]
[SourceQuality "1"]
[WhiteTeam "1. Novoborský ŠK"]
[BlackTeam "ŠK Slavoj Poruba"]

{[%evp 12,86,56,34,55,46,48,48,93,95,101,100,107,93,145,114,147,0,0,0,47,43,45,35,42,42,42,42,44,46,41,55,66,46,80,100,123,122,118,108,117,110,120,111,132,126,154,159,158,156,155,160,201,201,206,206,205,203,203,203,205,205,249,226,329,329,329,329,328,299,317,293,364,402,574,564,497]} 1. e4 e6 2. d4 d5 3. Nc3 Bb4 4. e5 b6 5. Qg4 Bf8 6. Nf3 Ne7 {C16: Französische Verteidigung (Nimzowitsch-Variante)} (6... Qd7 7. Bb5 c6 8. Be2 Ba6 9. Bg5 h6 10. Bd2 Ne7 11. O-O Nf5 12. Bxa6 Nxa6 13. Ne2 c5 14. c3 Rc8 15. Rac1 {1-0 (58) Sychev,K (2529)-Demidov,M (2511) Moscow 2018}) 7. Bg5 {LiveBook: 9 Partien} Nbc6 8. a3 $146 ({Vorgänger:} 8. O-O-O Qd7 9. h4 h6 10. Bd2 Bb7 11. h5 O-O-O 12. Qf4 Qe8 13. g4 Kb8 14. a3 {1-0 (40) Espinoza Palomino,W (2273)-De Dovitiis,A (2366) Buenos Aires 2011}) 8... Bb7 {Weiß steht etwas besser.} 9. Bd3 Qd7 10. b4 h6 11. Bd2 O-O-O 12. Ne2 f5 (12... a6 $142) 13. exf6 $16 gxf6 14. Nf4 (14. b5 $16 Nb8 15. Qh4) 14... e5 $1 $11 15. Qxd7+ $1 Rxd7 16. b5 e4 {[#] Droht stark ...Sa5.} 17. bxc6 Nxc6 18. Ng6 Rg8 $1 {[%cal Rg8g6]} 19. Nxf8 Rxf8 20. Bxh6 Re8 21. O-O-O exd3 22. cxd3 Rde7 23. Be3 Kb8 24. h4 {[%cal Bh2h4,Bh4h5,Bh5h6][%mdl 32]} Bc8 25. Rdg1 Rg8 26. h5 Rh7 27. h6 Ne7 28. Nh4 Rg4 29. Kd2 Kb7 30. f3 Rg8 31. g4 Be6 32. g5 fxg5 33. Rxg5 Rxg5 34. Bxg5 Nf5 35. Nxf5 Bxf5 $18 {[%mdl 4096] Endspiel KTL-KTL} 36. Rh4 Rd7 37. Rf4 Bh7 (37... Bh3 {kämpft weiter.} 38. Rf6 a5) 38. Rf8 c5 39. dxc5 bxc5 40. f4 {[%cal Bf3f4,Bf4f5][%mdl 32]} Kc6 41. f5 Kd6 42. Ke3 c4 (42... a5 {ist eine bessere Verteidigung.} 43. Bh4 Kc6) 43. d4 Kc6 {Precision: Weiß = 81%, Schwarz = 48%.} 1-0

[Event "CZE-tht Extraliga 2018-19"]
[Site "Czech Republic"]
[Date "2018.11.04"]
[Round "2"]
[White "Korobov, Anton"]
[Black "Vavra, Pavel"]
[Result "1-0"]
[WhiteElo "2694"]
[BlackElo "2350"]
[Annotator "TA"]
[PlyCount "81"]
[EventDate "2018.11.03"]
[EventType "team-tourn"]
[EventCountry "CZE"]
[SourceTitle "playchess.com"]
[Source "ChessBase"]
[SourceQuality "1"]
[WhiteTeam "Beskydská šachová škola"]
[BlackTeam "Siesta Solution Unichess B"]

{[%evp 23,81,0,0,0,0,-11,-8,0,34,34,25,28,36,33,58,69,70,70,54,41,47,24,58,63,69,68,91,60,47,47,122,126,122,119,128,138,117,91,85,77,139,119,122,83,189,189,183,177,174,156,162,149,152,154,159,152,356,345,324,339]} 1. d4 d5 2. c4 c6 3. Nf3 e6 4. e3 {[%cal Be2e3,Be3e4][%mdl 32]} Nf6 5. Nbd2 Bd6 6. Bd3 Nbd7 {[%cal Bb8d7,Bd7b6,Bb6d5,Bd5f4][%mdl 32]} 7. O-O O-O 8. e4 e5 9. cxd5 cxd5 10. exd5 exd4 11. Nc4 {D30: Queen's Gambit Declined: Systems without Nc3} (11. Ne4 Nxe4 12. Bxe4 Nf6 13. Bg5 Re8 {½-½ (13) Potkin,V (2599)-Dubov,D (2659) Sochi 2015}) 11... Nb6 12. Bg5 Nbxd5 {LiveBook: 6 Games} 13. Nxd6 {The position is equal.} Qxd6 14. Nxd4 {[#]} Nf4 $146 ({Predecessor:} 14... h6 15. Nb5 Qb6 16. Bxf6 Nxf6 17. Bc4 Be6 18. Bxe6 fxe6 19. Qe2 {½-½ (19) Cerqueira Filho,R (2481)-Rebord,M (2538) Brazil email 2004}) 15. Bc4 Bh3 16. Ne2 Qxd1 17. Rfxd1 Nxe2+ $1 18. Bxe2 Ne4 19. Be3 Be6 20. Rd4 f5 21. f3 Nf6 $1 22. Rd6 Bf7 23. Bd3 $36 {[%mdl 2048] White fights for an advantage.} Rfe8 24. Bg5 Nd5 25. Rd1 h6 26. Bc1 Ne3 (26... Be6 $14) 27. Bxe3 $1 $16 Rxe3 28. Bxf5 {Hoping for Be4.} Bxa2 29. Be4 {Kf2 is the strong threat.} Re2 30. b4 Rb2 31. R1d4 Rc8 (31... Bb1 $142) 32. h4 ({But not} 32. Bxb7 $6 Rcc2 $11) 32... Bb1 33. Bxb7 Rc7 (33... Rb8 $16 34. Rd7 Kh8) 34. Bd5+ $18 Kh7 35. h5 Bf5 36. Rd8 {[#] Bg8+ would kill now.} g6 37. hxg6+ Kxg6 38. Kh2 Kg7 39. Rf4 Rc8 $2 {[#]} (39... Bh7 $16 40. Rg4+ Kf6 41. Rf8+ Ke5) 40. Rd6 Rf8 41. Ra6 {Precision: White = 87%, Black = 37%.} 1-0

[Event "CZE-tht Extraliga 2018-19"]
[Site "Czech Republic"]
[Date "2018.11.04"]
[Round "2"]
[White "Laznicka, Viktor"]
[Black "Londyn, Radek"]
[Result "1-0"]
[WhiteElo "2664"]
[BlackElo "2415"]
[Annotator "TA"]
[PlyCount "137"]
[EventDate "2018.11.03"]
[EventType "team-tourn"]
[EventCountry "CZE"]
[SourceTitle "playchess.com"]
[Source "ChessBase"]
[SourceQuality "1"]
[WhiteTeam "1. Novoborský ŠK"]
[BlackTeam "ŠK Slavoj Poruba"]

{[%evp 19,137,32,25,25,27,16,18,11,46,61,61,48,55,79,86,66,129,134,136,114,100,108,104,112,179,179,182,179,238,230,221,217,226,217,250,239,269,266,264,254,244,224,219,221,223,210,338,275,291,295,294,287,379,378,388,403,402,395,397,391,381,373,301,211,384,349,377,336,403,395,385,316,517,510,510,495,491,441,510,495,483,466,433,433,433,433,433,433,364,356,418,402,802,832,662,678,625,747,906,783,1085,998,1116,863,12834,6111,1794,11645,12842,12843,12843,12843,12845,12845,12851,29978,29980,29981,12851,29982]} 1. d4 d5 2. Nf3 Nf6 3. c4 e6 4. g3 Bb4+ 5. Bd2 Be7 6. Bg2 O-O 7. O-O Nbd7 8. Qc2 c6 9. Rd1 a5 10. Bf4 Ne4 {LiveBook: 8 Games} 11. Nc3 {E11: Bogo-Indian} g5 {White must now prevent ...Nxc3.} 12. Bc1 f5 13. Ne1 $146 {The position is equal.} ({Predecessor:} 13. Ne5 Nxe5 14. dxe5 Qe8 15. Nxe4 fxe4 16. Be3 g4 17. c5 Rf5 18. Bd4 Qf8 {½-½ (125) Cuenca Jimenez,J (2506)-Lopez Martinez,J (2585) Linares 2018}) 13... Nd6 14. b3 Kh8 15. Nd3 Qe8 16. Na4 Qg6 17. Ba3 b5 (17... f4 $14) 18. cxb5 $16 cxb5 19. Bxd6 Bxd6 20. Qc6 Ra6 21. Qxb5 {Rac1 is the strong threat.} Ba3 (21... Ra7 $16 22. Rac1 Qg7) 22. Nac5 $36 {[%mdl 2048] White is in control.} Nxc5 23. Nxc5 (23. dxc5 $6 Qe8 $16) 23... Ra7 {[#]} (23... Bxc5 $142 24. dxc5 (24. Qxc5 Qf6 $16) 24... Qe8) 24. Qa4 $1 {[%cal Ra4a3]} Bxc5 25. dxc5 {[%cal Bd4c5,Bc5c6,Bc6c7][%mdl 32]} Qg7 26. Rac1 Ba6 27. Rd2 Rb8 28. c6 ({Don't do} 28. Qxa5 $6 Bxe2 29. Qc3 Qxc3 $16) 28... Bb5 29. Qa3 Qe7 30. Qxe7 Rxe7 31. c7 Rc8 32. Rdc2 a4 (32... Kg7 $142 33. Bf1 Kf6) 33. f4 axb3 34. axb3 gxf4 35. gxf4 Rd7 36. Kf2 Kg7 37. Rc5 Ba6 38. Rc6 Bb7 39. Rxe6 Rcxc7 40. Rxc7 Rxc7 {[%mdl 4096] Endgame KRB-KRB} 41. Re5 Kg6 $2 (41... d4 42. Bh3 (42. Rxf5 Bxg2 43. Kxg2 Rb7 $18) 42... Be4 43. Bxf5 Bxf5) 42. Bxd5 Bxd5 43. Rxd5 {KR-KR} Rb7 44. Rd3 Kh5 45. Kg3 h6 $2 (45... Rb4 46. Kf3 Kg6) 46. e3 Rb4 47. Rd5 Kg6 48. Rd6+ Kg7 49. Rd3 Kg6 50. Kf3 Kh5 51. Rd5 Kg6 52. Rd6+ Kg7 53. Rd3 Kg6 54. Ke2 Kh5 55. Kd2 Kg4 (55... Rb7 $142 56. Rd5 Kg4) 56. Kc3 Rb8 57. b4 h5 58. Rd5 h4 59. Kc4 Kh3 60. Rxf5 Kxh2 61. Rh5 h3 62. f5 (62. e4 $142 Re8 63. e5) 62... Kg3 63. e4 h2 64. f6 {[%cal Bf5f6,Bf6f7][%mdl 32]} Rc8+ 65. Kd5 Rb8 {[#]} 66. Rxh2 $3 {[%mdl 512]} Kxh2 67. f7 Rf8 68. Ke6 Rb8 69. e5 {Precision: White = 85%, Black = 33%.} 1-0

[Event "CZE-tht Extraliga 2018-19"]
[Site "Czech Republic"]
[Date "2018.11.04"]
[Round "2"]
[White "Rausis, Igors"]
[Black "Petrova, Kristyna"]
[Result "1-0"]
[WhiteElo "2651"]
[BlackElo "2248"]
[Annotator "TA"]
[PlyCount "119"]
[EventDate "2018.11.03"]
[EventType "team-tourn"]
[EventCountry "CZE"]
[SourceTitle "playchess.com"]
[Source "ChessBase"]
[SourceQuality "1"]
[WhiteTeam "Beskydská šachová škola"]
[BlackTeam "Siesta Solution Unichess B"]

{[%evp 16,119,43,45,48,44,62,49,150,152,154,153,212,205,230,211,211,212,222,214,213,230,276,65,72,40,35,39,74,70,93,-45,-22,-39,-36,-14,0,0,8,3,22,0,0,0,0,0,0,0,39,33,52,33,25,29,64,81,66,63,67,66,75,43,42,44,116,16,66,62,60,60,65,47,69,65,77,77,71,78,197,186,259,72,337,236,279,280,295,295,290,286,289,276,301,295,295,295,295,295,281,281,281,281,374,373,346,324]} 1. d4 Nf6 2. Bf4 g6 3. Nc3 d5 (3... c5 4. dxc5 Qa5 5. a3 Qxc5 6. e4 Bg7 7. Nf3 d6 8. h3 O-O 9. Qd2 b6 10. O-O-O Bb7 11. Be3 {1-0 (48) Nabaty,T (2692)-Almasi,Z (2702) Batumi 2018}) 4. e3 Bg7 5. h4 c5 6. Nb5 {A45: Trompowsky Attack} Na6 7. c3 h5 8. Nf3 O-O 9. Be2 {LiveBook: 4 Games} Ng4 10. O-O $146 ({Predecessor:} 10. Ne5 Nxe5 11. dxe5 {1-0 (40) Tologontegin,S (2354)-Nedev,T (2484) Tromsoe 2014}) 10... Bf5 11. Rc1 c4 (11... Qb6 $14) 12. b3 $16 cxb3 13. Qxb3 (13. axb3 $6 Bh6 $16) 13... Qd7 (13... e5 $16) 14. c4 $18 Be6 15. c5 Rfc8 16. Ng5 Bf5 17. f3 Nh6 {[%cal Bg4h6,Bh6f5,Bf5d4][%mdl 32]} 18. e4 f6 19. exf5 $2 (19. exd5 $18 fxg5 20. c6) 19... fxg5 $14 20. hxg5 Nxf5 21. Rfd1 h4 22. Kh2 Nb8 23. Nc3 (23. Bd3 $16) 23... e6 $15 ({Much worse is} 23... Nxd4 24. Qxd5+ Qxd5 25. Nxd5 $11) 24. Bd3 Nxd4 25. Qb1 $1 Qf7 26. Bd6 Nf5 $132 {[%mdl 2048] Black puts up resistance} 27. Bxf5 gxf5 28. Qb4 d4 29. Ne2 Nc6 30. Qe1 $1 e5 31. Qxh4 Ne7 32. f4 Ng6 33. Qh5 Re8 34. fxe5 Nxe5 35. Qxf7+ Kxf7 36. Nxd4 Kg6 37. Kg3 Kxg5 38. Rf1 Nd3 39. Nf3+ Kg6 {[#]} (39... Kh5 $14) 40. Rb1 (40. Nh4+ $1 $16 Kh7 41. Rcd1 f4+ 42. Kg4 (42. Bxf4 Nxc5 43. Nf5 Rad8 $14)) 40... f4+ 41. Kg4 b6 42. cxb6 axb6 43. Rb3 Nb2 44. Rc1 Re6 45. Bxf4 Ra4 {[#] Hoping for ...Rxf4+!} 46. Nh4+ Kh7 (46... Kf6 $16) 47. Rc7 $18 {Threatens to win with Rxb2.} Nc4 (47... Nd1 $142 48. Nf5 Rg6+ 49. Kf3 Ra5) 48. g3 $2 (48. Kh3 $18 {and the rest is easy.} Kh8 49. Rg3) 48... Ne5+ $2 {[%mdl 8192]} (48... Kg8 $16) 49. Kh3 Ng6 50. Nf5 Nxf4+ 51. gxf4 Rg6 52. Rg3 ({Weaker is} 52. Nxg7 Rxg7 53. Rxg7+ Kxg7 $16) 52... Rxf4 53. Nxg7 {Intending Ne6+ and mate.} Rxg3+ 54. Kxg3 {[%mdl 4096] Endgame KRN-KR} Ra4 55. Ne8+ Kg6 56. Rc2 Kf5 57. Nd6+ Ke6 58. Nc4 b5 59. Re2+ Kf6 60. Nd2 {Precision: White = 65%, Black = 36%.} 1-0